[Event "Olympiad Women-44"]
[Site "Chennai"]
[Date "2022.08.03"]
[Round "6.2"]
[White "Badenhorst, Chloe"]
[Black "Paul, Theophane"]
[Result "1-0"]
[WhiteElo "1703"]
[BlackElo "1493"]
[PlyCount "65"]
[EventDate "2022.07.29"]
[EventType "team-swiss"]
[EventRounds "11"]
[EventCountry "IND"]
[SourceTitle "CBM 210"]
[Source "ChessBase"]
[SourceDate "2022.10.31"]
[SourceVersion "1"]
[SourceVersionDate "2022.10.31"]
[SourceQuality "1"]
[WhiteTeam "South Africa (W)"]
[BlackTeam "Haiti (W)"]
[WhiteTeamCountry "RSA"]
[BlackTeamCountry "HAI"]

1. e4 c6 2. d4 d5 3. e5 c5 4. dxc5 e6 5. a3 Bxc5 6. b4 Bb6 7. Nf3 Nd7 8. Bb2 Ne7 9. Bd3 0-0 10. Bxh7+ Kh8 11. Bd3 Ng8 12. Nbd2 Bc7 13. Nb3 b6 14. h4 f6 15. exf6 Ndxf6 16. Ne5 Bxe5 17. Bxe5 Qe7 18. g4 Nd7 19. Bb2 e5 20. g5 e4 21. Qh5+ Nh6 22. 0-0-0 Qf7 23. Qxh6+ Kg8 24. Qc6 Qf4+ 25. Kb1 exd3 26. Qxd5+ Qf7 27. Qxd3 Bb7 28. g6 Qf5 29. Qxd7 Qxd7 30. Rxd7 Bxh1 31. Rxg7+ Kh8 32. Rh7+ Kg8 33. Rh8# 1-0

[Event "Online Olym Div3 D"]
[Site "Chess.com INT"]
[Date "2021.08.29"]
[Round "7.1"]
[White "Aponte, Samantha"]
[Black "Paul, Theophane"]
[Result "0-1"]
[WhiteElo "1087"]
[BlackElo "1493"]
[PlyCount "52"]
[EventDate "2021.08.27"]
[EventType "team-tourn (rapid)"]
[EventRounds "9"]
[EventCountry "USA"]
[SourceTitle "CBM 204 Extra"]
[Source "ChessBase"]
[SourceDate "2021.11.30"]
[SourceVersion "1"]
[SourceVersionDate "2021.11.30"]
[SourceQuality "1"]
[WhiteTeam "Aruba"]
[BlackTeam "Haiti"]
[WhiteTeamCountry "ARN"]
[BlackTeamCountry "HAI"]

1. e4 c6 2. d4 d5 3. exd5 cxd5 4. Nc3 e6 5. Bf4 Nf6 6. Nf3 Bd6 7. Bg3 Nc6 8. Bb5 0-0 9. 0-0 Bxg3 10. fxg3 Qb6 11. Kh1 a6 12. Bxc6 bxc6 13. b3 Qc7 14. Qd3 a5 15. Rae1 Ba6 16. Qd2 Bxf1 17. Rxf1 Rfc8 18. Na4 Ne4 19. Qe3 c5 20. Nxc5 Nxc5 21. dxc5 Qxc5 22. Qf4 Qxc2 23. Ng5 Rf8 24. Nxf7 Qg6 25. Qc7 Rxf7 26. Rc1 Rxc7 0-1

[Event "Online Olym Div4 D"]
[Site "Chess.com INT"]
[Date "2020.07.31"]
[Round "3.1"]
[White "Paul, Theophane"]
[Black "Ayiku, Angela Naa Amerley"]
[Result "0-1"]
[WhiteElo "1493"]
[BlackElo "1393"]
[PlyCount "74"]
[EventDate "2020.07.31"]
[EventType "team-tourn (rapid)"]
[EventRounds "9"]
[EventCountry "USA"]
[SourceTitle "CBM 198"]
[Source "ChessBase"]
[SourceDate "2020.10.31"]
[SourceVersion "1"]
[SourceVersionDate "2020.10.31"]
[SourceQuality "1"]
[WhiteTeam "Haiti"]
[BlackTeam "Ghana"]
[WhiteTeamCountry "HAI"]
[BlackTeamCountry "GHA"]

1. d4 d5 2. e3 Nc6 3. f4 Nf6 4. Nd2 Bg4 5. Ngf3 e6 6. c3 Bd6 7. Bd3 a6 8. 0-0 0-0 9. Qe1 Ne7 10. Ne5 Bf5 11. Bb1 Bxb1 12. Rxb1 Nf5 13. Qe2 c5 14. g4 Nh4 15. g5 Ne4 16. Nxe4 dxe4 17. Qg4 Nf5 18. Kf2 f6 19. gxf6 Rxf6 20. Ke1 Bxe5 21. fxe5 Rg6 22. Qe2 Qh4+ 23. Qf2 Rg2 24. Qxh4 Nxh4 25. Rf2 Rg1+ 26. Rf1 Rg2 27. Rf2 Rf8 28. Rxf8+ Kxf8 29. dxc5 Nf3+ 30. Kf1 Rxh2 31. b4 Rxa2 32. Bb2 Nxe5 33. Ke1 Nd3+ 34. Kd1 Nxb2+ 35. Kc1 Nc4 36. Kd1 Nxe3+ 37. Kc1 Rc2# 0-1

[Event "Online Olym Base C"]
[Site "Chess.com INT"]
[Date "2020.07.27"]
[Round "7.3"]
[White "Ioannides Liu, Alice"]
[Black "Paul, Theophane"]
[Result "0-1"]
[WhiteElo "1287"]
[BlackElo "1493"]
[PlyCount "120"]
[EventDate "2020.07.25"]
[EventType "team-tourn (rapid)"]
[EventRounds "9"]
[EventCountry "USA"]
[SourceTitle "CBM 198"]
[Source "ChessBase"]
[SourceDate "2020.10.31"]
[SourceVersion "1"]
[SourceVersionDate "2020.10.31"]
[SourceQuality "1"]
[WhiteTeam "Cyprus"]
[BlackTeam "Haiti"]
[WhiteTeamCountry "CYP"]
[BlackTeamCountry "HAI"]

1. e4 c5 2. Nf3 d6 3. d4 cxd4 4. Nxd4 Nf6 5. Nc3 a6 6. Bd3 e5 7. Nf3 h6 8. h3 Be6 9. 0-0 Be7 10. Be3 0-0 11. Qd2 Nbd7 12. a3 b5 13. Na2 Rc8 14. b3 Nc5 15. Bxc5 Rxc5 16. Rac1 Qc7 17. Nb4 Qb7 18. Rfe1 Nxe4 19. Bxe4 d5 20. Nxe5 dxe4 21. Qd4 Rd8 22. Qxe4 Qxe4 23. Rxe4 Bf5 24. Re2 Bf6 25. Nec6 Rd6 26. Ne7+ Bxe7 27. Rxe7 a5 28. Na2 Rcd5 29. Nc3 Rd2 30. Ne4 Bxe4 31. Rxe4 R6d5 32. c4 bxc4 33. bxc4 Rc5 34. g4 Ra2 35. Rc3 Kf8 36. Kg2 f6 37. Kf3 Kf7 38. Ke3 Ra1 39. Kd4 Rc8 40. f4 Rd1+ 41. Ke3 Re1+ 42. Kf3 Rf1+ 43. Ke2 Rh1 44. Kf3 Rxh3+ 45. Ke2 Rxc3 46. Re3 Rxe3+ 47. Kxe3 Rxc4 48. Kf3 Ra4 49. f5 Rxa3+ 50. Kf4 Rb3 51. Ke4 a4 52. Kd4 a3 53. Kc4 Rb8 54. g5 hxg5 55. Kc3 a2 56. Kc2 a1Q 57. Kd3 Qa4 58. Kc3 Rb3+ 59. Kd2 Qa2+ 60. Kc1 Rb1# 0-1